MCU Characters - Statistics

General Stats
  • This quiz has been taken 203 times
    162 since last reset
  • The average score is 137 of 279
Answer Stats
Movie/Series Answer % Correct
Ant-Man Dr. Henry „Hank“ Pym / Ant-Man
96%
Ant-Man Scott Lang / Ant-Man
95%
Iron Man Tony Stark / Iron Man
93%
Avengers Sam Wilson / Falcon / Captain America
91%
Hawkeye Clint Barton / Hawkeye/ Ronin
89%
Ant-Man Hope van Dyne / Wasp
89%
Loki Hunter B-15
89%
TFatWS John Walker / Captain America / U.S. Agent
89%
Thor / Loki Loki
89%
Captain Amercia Steve Rogers / Captain America
89%
Black Panther T‘Chaka / Black Panther
89%
The Incredible Hulk Bruce Banner / Hulk
88%
Black Widow Natasha Romanoff / Black Widow
88%
Black Panther T‘Challa / Black Panther
88%
Thor Thor
88%
Black Widow Yelena Belova / Black Widow
88%
Ant-Man Janet van Dyne / Wasp
86%
Spider-Man Peter Parker / (MCU) Spider-Man
86%
Spider-Man Peter Parker / (Sam Raimi) Spider-Man
86%
Spider-Man Peter Parker / (The Amazing Spider-Man) Spider-Man
86%
Avengers Nick Fury
82%
Captain Marvel Carol Danvers / Captain Marvel
80%
Black Panther Shuri
80%
Captain Amercia Bucky Barnes / Winter Soldier
79%
GotG Gamora
79%
GotG Peter Quill / Star-Lord
79%
Iron Man Virginia „Pepper“ Potts
79%
Avengers Vision
77%
GotG Drax
75%
Dr. Strange Dr. Stephen Strange
75%
Dr. Strange Wong
75%
Ant-Man Cassandra „Cassie“ Lang
73%
GotG Groot
73%
Ms. Marvel Kamala Khan / Ms. Marvel
73%
GotG Mantis
73%
Thor Odin
73%
Avengers Phil Coulson
73%
Avengers Thanos
73%
Avengers Howard Stark
71%
Avengers Maria Hill
71%
Black Panther Okoye
71%
Captain America Peggy Carter
71%
Avengers Wanda Maximoff
71%
Spider-Man May Parker
70%
Shang-Chi Shang-Chi
70%
Black Widow Alexei Shostakov/ Red Guardian
68%
Dr. Strange Ancient One
68%
Thor Jane Foster
68%
Captain America Johann Schmidt / Red Skull
68%
Black Panther M‘Baku
68%
GotG Nebula
68%
Ant-Man Darren Cross / Yellowjacket
66%
Avengers James Rhodes / War Machine / Iron Patriot
66%
Captain Marvel Monica Rambeau
66%
Black Widow Antonia Dreykov / Taskmaster
64%
GotG Ego
64%
Iron Man Harold „Happy“ Hogan
64%
Hawkeye Kate Bishop
64%
Moon Knight Marc Spector / Moon Knight
64%
Spider-Man Ned Leeds
64%
Spider-Man Quentin Beck / Mysterio
64%
Captain America Sharon Carter / Power Broker
64%
Eternals Sprite
64%
Avengers Ultron
64%
Eternals Ikaris
63%
Eternals Sersi
63%
Thor Sif
63%
The Incredible Hulk Thaddeus Ross
63%
Thor Erik Selvig
61%
Avengers Maria Stark
61%
Iron Man Obadiah Stane
61%
Avengers Pietro Maximoff
61%
Eternals Thena
61%
Thor Valkyrie
61%
Shang-Chi Ying Li
61%
Spider-Man Adrian Toomes / Vulture
59%
The Incredible Hulk Elizabeth „Betty“ Ross
59%
Captain America Everett K. Ross
59%
Thor Frigga
59%
Thor Korg
59%
Captain Marvel Maria Rambeau
59%
Spider-Man Norman Osborn / Green Goblin
59%
GotG Taneleer Tivan / Collector
59%
Ant-Man Ava Starr / Ghost
57%
Dr. Strange Dormammu
57%
Black Widow Dreykov
57%
Thor Heimdall
57%
Captain America Helmut Zemo
57%
Dr. Strange Christine Palmer
55%
Spider-Man Flint Marko / Sandman
55%
Thor Hela
55%
Dr. Strange Karl Mordo
55%
Hawkeye Laura Barton
55%
Ant-Man Luis
55%
Thor Malekith
55%
Spider-Man Max Dillon / Electro
55%
Avengers Morgan Stark
55%
Loki Sylvie
55%
WandaVision Agatha Harkness
54%
Captain America Arnim Zola
54%
The Incredible Hulk Emil Blonsky / Abomination
54%
Spider-Man Eugene „Flash“ Thompson
54%
Iron Man Ivan Wanko / Whiplash
54%
Ant-Man Margaret „Maggie“ Lang
54%
Loki Mobius M. Mobius
54%
Black Panther Nakia
54%
Hawkeye Nathaniel Barton
54%
WandaVision William „Billy“ Maximoff
54%
Eternals Ajak
52%
Ant-Man Jimmy Woo
52%
Dr. Strange Kaecilius
52%
Hawkeye Lila Barton
52%
Spider-Man Otto Octavius / Doctor Octopus
52%
Black Panther Ramonda
52%
WandaVision Thomas „Tommy“ Maximoff
52%
Hawkeye Wilson Fisk / Kingpin
52%
Hawkeye Cooper Barton
50%
Spider-Man Curt Connors / Lizard
50%
Eternals Druig
50%
Thor Grandmaster
50%
Shang-Chi Katy
50%
Eternals Kro
50%
Captain America Alexander Pierce
48%
Black Panther Ayo
48%
Avengers Cull Obsidian
48%
Thor Darcy Lewis
48%
Ant-Man Dave
48%
Avengers Ebony Maw
48%
Avengers Edwin Jarvis
48%
Eternals Gilgamesh
48%
Shang-Chi Jon Jon
48%
Iron Man Justin Hammer
48%
Eternals Kingo
48%
Thor Laufey
48%
Eternals Makkari
48%
Thor Miek
48%
GotG Rocket Racoon
48%
Thor Volstagg
48%
Iron Man Aldrich Killian
46%
Ant-Man Bill Foster
46%
Iron Man Dr. Ho Yinsen
46%
Loki He Who Remains
46%
Ant-Man Kurt
46%
Eternals Phastos
46%
Avengers Proxima Midnight
46%
Captain Marvel Talos
46%
Iron Man Trevor Slattery
46%
Shang-Chi Wenwu
46%
Black Panther W‘Kabi
46%
Captain Marvel Yon-Rogg
46%
Ms. Marvel Aamir Khan
45%
Dr. Strange America Chavez
45%
Avengers Corvus Glaive
45%
Spider-Man Eddie Brock / Venom
45%
Thor Fandral
45%
Thor Hogun
45%
Ms. Marvel Muneeba Khan
45%
Loki Ravonna Renslayer
45%
Thor Surtur
45%
Ms. Marvel Yusuf Khan
45%
Hawkeye Eleanor Bishop
43%
Avengers Helen Cho
43%
Avengers Jasper Sitwell
43%
Iron Man Maya Hansen
43%
GotG Meredith Quill
43%
Black Panther N‘Jobu
43%
TFatWS Sarah Wilson
43%
Black Panther Zuri
43%
Captain America Abraham Erskine
41%
TFatWS Cass Wilson
41%
Eternals Dane Whitman / Black Knight
41%
GotG Irani Rael / Nova Prime
41%
Ant-Man James „Jim“ Paxton
41%
GotG / Captain Marvel Korath
41%
Black Widow Melina Vostokoff
41%
Spider-Man Michelle „MJ“ Jones-Watson
41%
Captain Marvel Minn-Erva
41%
Avengers Ulysses Klaue
41%
GotG Yondu Udonta
41%
TFatWS AJ Wilson
39%
Moon Knight Arthur Harrow
39%
GotG Ayesha
39%
Spider-Man Betty Brant
39%
Captain America Brock Rumlow
39%
Iron Man Ellen Brandt
39%
Hawkeye Maya Lopez
39%
Avengers Ronan the Accuser
39%
Avengers The Other
39%
What if…? Watcher
39%
Shang-Chi Xu Xialing
39%
Captain America Gabriel „Gabe“ Jones
38%
TFatWS Lemar Hoskins / Battlestar
38%
Captain America Timothy „Dum Dum“ Dugan
38%
Captain Marvel Bron-Char
36%
Iron Man Christine Everhart
36%
GotG Howard the Duck
36%
Ms. Marvel Kamran
36%
Moon Knight Khonshu
36%
Captain Marvel Mar-Vell
36%
Black Panther N‘Jadaka / Erik „Killmonger“ Stevens
36%
The Incredible Hulk Samuel Sterns
36%
Iron Man Senator Stern
36%
GotG Taserface
36%
Avengers Wolfgang von Strucker
36%
Iron Man Anton Vanko
34%
Eternals Arishem
34%
Captain America Chester Phillips
34%
Dr. Strange Dr. Nicodemus West
34%
Iron Man Eric Savin
34%
Iron Man Harley Keener
34%
Hawkeye Jack Duquesne
34%
TFatWS Karli Morgenthau
34%
Moon Knight Layla El-Faouly / Scarlet Scarab
34%
Dr. Strange Blackagar Boltagon /Black Bolt
32%
Dr. Strange Charles Xavier
32%
Eternals Eros / Starfox
32%
Captain America Jacques Dernier
32%
Captain America James Montgomery Falsworth
32%
Dr. Strange Jonathan Pangborn
32%
Eternals Karun Patel
32%
Dr. Strange Reed Richards
32%
Spider-Man Roger Harrington
32%
Black Widow Valentina Allegra de Fontaine
32%
Hawkeye William Lopez
32%
Shang-Chi Ying Nan
32%
Thor Algrim
30%
Moon Knight Ammit
30%
Thor Eitri
30%
Captain America Georges Batroc
30%
Spider-Man J. Jonah Jameson
30%
Hawkeye Kazimierz „Kazi“ Kazimierczak
30%
Ms. Marvel Najma
30%
WandaVision Ralph Bohner
30%
Thor Skurge
30%
WandaVision Tyler Hayward
30%
Ms. Marvel Aisha
29%
Ms. Marvel Bruno Carrelli
29%
GotG Charlie-27
29%
Captain America Dr. List
29%
Captain America Heinz Kruger
29%
Captain America Jim Morita
29%
Ms. Marvel Kareem
29%
Captain America Matthew Ellis
29%
Spider-Man Matt Murdock / Daredevil
29%
Eternals Pip the Troll
29%
Shang-Chi Razor Fist
29%
Captain Marvel Att-Lass
27%
Dr. Strange Clea
27%
Shang-Chi Death Dealer
27%
Spider-Man Herman Schultz / Shocker
27%
Spider-Man Jackson Brice / Shocker
27%
GotG Kraglin Obfonteri
27%
Black Widow Rick Mason
27%
Dr. Strange Rintrah
27%
Ant-Man Sonny Burch
27%
Captain Marvel Soren
27%
TFatWS Joaquin Torres
25%
Ms. Marvel Nakia Bahadir
25%
Moon Knight Tawaret
25%
Ms. Marvel Zoe Zimmer
25%
Spider-Man Aaron Davies
23%
GotG Aleta Ogord
23%
Moon Knight Anton Mogart
23%
TFatWS Isaiah Bradley
23%
Shang-Chi Jackson Norriss
23%
GotG Krugarr
23%
Ant-Man Mitchell Carson
23%
Spider-Man Phineas Mason
23%
GotG Starker Ogord
23%
Iron Man William Ginter Riva
23%
Spider-Man Mac Gargan
21%
Spider-Man Jason Ionello
20%
Spider-Man Liz Allan
20%
GotG Rhomann Dey
20%
Avengers Gideon Malick
18%
GotG Martinex
18%
Spider-Man P. Cleary
18%
GotG Mainframe
16%
Iron Man Raza al-Wazar
14%
No matching quizzes found
Score Distribution
Percent of People with Each Score
Percentile by Number Answered
Your Score History
You have not taken this quiz since the last reset